书目信息 |
| 题名: |
现代临床医学荟萃
|
|
| 作者: | 郭敬新 主编 | |
| 分册: | ||
| 出版信息: | 北京 中国科学技术出版社 1995.12 |
|
| 页数: | 752页 | |
| 开本: | 16开 | |
| 丛书名: | ||
| 单 册: | ||
| 中图分类: | R4-53 | |
| 科图分类: | ||
| 主题词: | 临床医学 | |
| 电子资源: | ||
| ISBN: | 7-5046-2150-1 | |
| 000 | 00571nam0 2200193 45 | |
| 001 | 0010261995 | |
| 005 | 20001026191636.5 | |
| 010 | @a7-5046-2150-1@d80.00元 | |
| 100 | @a20001026d1995 km y0chiy0120 ea | |
| 101 | 0 | @achi |
| 105 | @a z 000yy | |
| 200 | 1 | @a现代临床医学荟萃@AXian Dai Lin Chuang Yi Xue Hui Cui@f郭敬新等主编@FGuo Jing Xin Deng Zhu Bian |
| 210 | @a北京@c中国科学技术出版社@d1995.12 | |
| 215 | @a752页@d16开 | |
| 606 | 0 | @a临床医学 |
| 690 | @aR4-53@v3 | |
| 701 | 0 | @a郭敬新@4主编 |
| 801 | @aCN@bPftUser@c20001026 | |
| 905 | @b191997-998@dR4-53@eG889:1@f2 | |
| 现代临床医学荟萃/郭敬新等主编.-北京:中国科学技术出版社,1995.12 |
| 752页;16开 |
| ISBN 7-5046-2150-1:80.00元 |
| ● |
| 相关链接 |
|
|
|
正题名:现代临床医学荟萃
索取号:R4-53/G889:1
 
预约/预借
| 序号 | 登录号 | 条形码 | 馆藏地/架位号 | 状态 | 备注 |
| 1 | 191997 | 201919978 | 自科库401/401自科库 16排3列4层/ [索取号:R4-53/G889:1] | 在馆 | |
| 2 | 191998 | 201919987 | 自科库401/401自科库 16排3列4层/ [索取号:R4-53/G889:1] | 在馆 |